Encyclopeadia history of world civilization

Bibliographic Details
Main Author: Gilman, Arthur (Author)
Format: Book
Published: New Delhi Akashdeep Publishing House 1992
Subjects:

MARC

LEADER 00000cam a2200000 7i4500
001 0000004161
008 021118s1992
020 |a 8171582842 
090 0 0 |a CB9  |b .E6 1992 
245 0 0 |a Encyclopeadia history of world civilization  |c by Arthur Gilma  |f introduction by Rafaquat Ali Khan 
260 2 |a New Delhi  |b Akashdeep Publishing House  |c 1992 
300 |a 65 v.   |c 22 cm 
650 0 |a Civilization  |x Encyclopedias 
700 0 |a Gilman, Arthur  |e author 
999 |a 1000025467  |b Book  |c Reference  |e Gong Badak Campus 
999 |a 1000025468  |b Book  |c Reference  |e Gong Badak Campus 
999 |a 1000025469  |b Book  |c Reference  |e Gong Badak Campus 
999 |a 1000025470  |b Book  |c Reference  |e Gong Badak Campus 
999 |a 1000025471  |b Book  |c Reference  |e Gong Badak Campus 
999 |a 1000025472  |b Book  |c Reference  |e Gong Badak Campus 
999 |a 1000025473  |b Book  |c Reference  |e Gong Badak Campus 
999 |a 1000025474  |b Book  |c Reference  |e Gong Badak Campus 
999 |a 1000025475  |b Book  |c Reference  |e Gong Badak Campus 
999 |a 1000025476  |b Book  |c Reference  |e Gong Badak Campus 
999 |a 1000025477  |b Book  |c Reference  |e Gong Badak Campus 
999 |a 1000025478  |b Book  |c Reference  |e Gong Badak Campus 
999 |a 1000025479  |b Book  |c Reference  |e Gong Badak Campus 
999 |a 1000025480  |b Book  |c Reference  |e Gong Badak Campus 
999 |a 1000025481  |b Book  |c Reference  |e Gong Badak Campus 
999 |a 1000025482  |b Book  |c Reference  |e Gong Badak Campus 
999 |a 1000025483  |b Book  |c Reference  |e Gong Badak Campus 
999 |a 1000025484  |b Book  |c Reference  |e Gong Badak Campus 
999 |a 1000025485  |b Book  |c Reference  |e Gong Badak Campus 
999 |a 1000025486  |b Book  |c Reference  |e Gong Badak Campus 
999 |a 1000025487  |b Book  |c Reference  |e Gong Badak Campus 
999 |a 1000025488  |b Book  |c Reference  |e Gong Badak Campus 
999 |a 1000025489  |b Book  |c Reference  |e Gong Badak Campus 
999 |a 1000025490  |b Book  |c Reference  |e Gong Badak Campus 
999 |a 1000025491  |b Book  |c Reference  |e Gong Badak Campus 
999 |a 1000025492  |b Book  |c Reference  |e Gong Badak Campus 
999 |a 1000025493  |b Book  |c Reference  |e Gong Badak Campus 
999 |a 1000025494  |b Book  |c Reference  |e Gong Badak Campus 
999 |a 1000025495  |b Book  |c Reference  |e Gong Badak Campus 
999 |a 1000025496  |b Book  |c Reference  |e Gong Badak Campus 
999 |a 1000025497  |b Book  |c Reference  |e Gong Badak Campus 
999 |a 1000025498  |b Book  |c Reference  |e Gong Badak Campus 
999 |a 1000025499  |b Book  |c Reference  |e Gong Badak Campus 
999 |a 1000025500  |b Book  |c Reference  |e Gong Badak Campus 
999 |a 1000025501  |b Book  |c Reference  |e Gong Badak Campus 
999 |a 1000025502  |b Book  |c Reference  |e Gong Badak Campus 
999 |a 1000025503  |b Book  |c Reference  |e Gong Badak Campus 
999 |a 1000025504  |b Book  |c Reference  |e Gong Badak Campus 
999 |a 1000025505  |b Book  |c Reference  |e Gong Badak Campus 
999 |a 1000025506  |b Book  |c Reference  |e Gong Badak Campus 
999 |a 1000025507  |b Book  |c Reference  |e Gong Badak Campus 
999 |a 1000025508  |b Book  |c Reference  |e Gong Badak Campus 
999 |a 1000025509  |b Book  |c Reference  |e Gong Badak Campus 
999 |a 1000025510  |b Book  |c Reference  |e Gong Badak Campus 
999 |a 1000025511  |b Book  |c Reference  |e Gong Badak Campus 
999 |a 1000025512  |b Book  |c Reference  |e Gong Badak Campus 
999 |a 1000025513  |b Book  |c Reference  |e Gong Badak Campus 
999 |a 1000025514  |b Book  |c Reference  |e Gong Badak Campus 
999 |a 1000025515  |b Book  |c Reference  |e Gong Badak Campus 
999 |a 1000025516  |b Book  |c Reference  |e Gong Badak Campus 
999 |a 1000025517  |b Book  |c Reference  |e Gong Badak Campus 
999 |a 1000025518  |b Book  |c Reference  |e Gong Badak Campus 
999 |a 1000025519  |b Book  |c Reference  |e Gong Badak Campus 
999 |a 1000025520  |b Book  |c Reference  |e Gong Badak Campus 
999 |a 1000025521  |b Book  |c Reference  |e Gong Badak Campus 
999 |a 1000025522  |b Book  |c Reference  |e Gong Badak Campus 
999 |a 1000025523  |b Book  |c Reference  |e Gong Badak Campus 
999 |a 1000025524  |b Book  |c Reference  |e Gong Badak Campus 
999 |a 1000025525  |b Book  |c Reference  |e Gong Badak Campus 
999 |a 1000025526  |b Book  |c Reference  |e Gong Badak Campus 
999 |a 1000025527  |b Book  |c Reference  |e Gong Badak Campus 
999 |a 1000025528  |b Book  |c Reference  |e Gong Badak Campus 
999 |a 1000025529  |b Book  |c Reference  |e Gong Badak Campus 
999 |a 1000025530  |b Book  |c Reference  |e Gong Badak Campus 
999 |a 1000025531  |b Book  |c Reference  |e Gong Badak Campus